| 000 | 00469nam a2200181Ia 4500 | ||
|---|---|---|---|
| 005 | 20241218021859.0 | ||
| 008 | 240331s9999 xx 000 0 und d | ||
| 020 | _a906224985X | ||
| 082 |
_bMAR _25410 _a305 |
||
| 100 | _aUyl, M.D | ||
| 245 | 0 |
_aInvisible Barriers _bGender, caste and kinship in a Southern Indian village |
|
| 260 |
_aUtrecht _bInternational Books _c1992 |
||
| 300 | _a304 p., | ||
| 650 | _aGender | ||
| 650 | _aWomen | ||
| 650 | _aCaste | ||
| 942 | _cL | ||
| 999 |
_c1440 _d1440 |
||